[Event "102 ème open FIDE Club 608"]
[Site "Paris"]
[Date "2008.08.06"]
[Round "3.1"]
[White "Fogel, Pierre"]
[Black "Vallejo Pons, Francisco"]
[Result "0-1"]
[WhiteElo "2155"]
[BlackElo "2650"]
[PlyCount "65"]
[EventDate "2008.07.26"]
[EventRounds "9"]
[EventCountry "FRA"]
[SourceDate "2008.08.06"]

1. d4 d6 2. c4 e5 3. Nf3 e4 4. Ng5 f5 5. g3 Be7 6. Nh3 Nf6 7. Nc3 c6 8. d5 Nbd7
9. Bg2 Nb6 10. dxc6 bxc6 11. b3 Be6 12. O-O h6 13. f3 g5 14. fxe4 fxe4 15. Nxg5
hxg5 16. Nxe4 Nxe4 17. Bxe4 Qd7 18. Bg6+ Kd8 19. a4 Rh6 20. Qc2 a5 21. Be3 Kc7
22. Rfd1 Rah8 23. Bd4 Rxh2 24. Bxh8 Rxh8 25. Qc3 Rh3 26. Be4 d5 27. cxd5 Nxd5
28. Qxa5+ Kb7 29. Rd3 Bd8 30. Qd2 Bb6+ 31. Kg2 Qf7 32. e3 Qh5 33. Kf2 0-1

[Event "102 ème open FIDE Club 608"]
[Site "Paris"]
[Date "2008.08.07"]
[Round "3.2"]
[White "Abergel, Thal"]
[Black "Gidel, Jean Louis"]
[Result "1-0"]
[WhiteElo "2499"]
[BlackElo "2158"]
[PlyCount "67"]
[EventDate "2008.07.26"]
[EventRounds "9"]
[EventCountry "FRA"]
[SourceDate "2008.08.06"]

1. e4 c6 2. d4 d5 3. Nc3 g6 4. Be3 Bg7 5. e5 f6 6. f4 Nh6 7. h3 O-O 8. Nf3 Qb6
9. Na4 Qa5+ 10. c3 Nd7 11. Be2 b5 12. Nc5 Nxc5 13. dxc5 Bf5 14. g4 Be4 15. e6
Rfd8 16. O-O Kf8 17. Nd4 Qc7 18. Qe1 Ng8 19. f5 Rdc8 20. Bf4 Qd8 21. Qd2 g5 22.
Bg3 Qe8 23. a4 a6 24. Bd3 Bxd3 25. Qxd3 h5 26. Kg2 Nh6 27. Kf3 Ra7 28. b4 Rb7
29. axb5 axb5 30. Ra6 Kg8 31. Rfa1 Bf8 32. Rb6 Ra8 33. Rxb7 Rxa1 34. Rb8 1-0

[Event "102 ème open FIDE Club 608"]
[Site "Paris"]
[Date "2008.08.07"]
[Round "4.1"]
[White "Vallejo Pons, Francisco"]
[Black "Borzakian, Manouk"]
[Result "1-0"]
[WhiteElo "2650"]
[BlackElo "2194"]
[PlyCount "61"]
[EventDate "2008.07.26"]
[EventRounds "9"]
[EventCountry "FRA"]
[SourceDate "2008.08.06"]

1. e4 d6 2. d4 g6 3. Bc4 Nf6 4. Qe2 Nc6 5. Nf3 Bg4 6. Bb5 a6 7. Bxc6+ bxc6 8.
Nbd2 Bg7 9. h3 Bc8 10. e5 Nd5 11. Ne4 a5 12. c4 Ba6 13. O-O O-O 14. b3 a4 15.
Bd2 Qb8 16. Rfe1 Nb4 17. Bg5 f6 18. exf6 exf6 19. Nxf6+ Bxf6 20. Qe6+ Kg7 21.
Qd7+ Rf7 22. Bxf6+ Kxf6 23. Re6+ Kg7 24. Re7 Rxe7 25. Qxe7+ Kh8 26. Ng5 Qg8 27.
Nf7+ Kg7 28. Nxd6+ Kh8 29. Nf7+ Kg7 30. Ne5+ Kh8 31. Qxb4 1-0

[Event "102 ème open FIDE Club 608"]
[Site "Paris"]
[Date "2008.08.07"]
[Round "4.2"]
[White "Tarchichi, Paul"]
[Black "Abergel, Thal"]
[Result "0-1"]
[WhiteElo "2150"]
[BlackElo "2499"]
[PlyCount "68"]
[EventDate "2008.07.26"]
[EventRounds "9"]
[EventCountry "FRA"]
[SourceDate "2008.08.06"]

1. e4 c5 2. Nf3 Nc6 3. d4 cxd4 4. Nxd4 Nf6 5. Nc3 d6 6. Bg5 e6 7. Qd2 a6 8.
O-O-O Be7 9. f4 Nxd4 10. Qxd4 b5 11. Be2 Bb7 12. Bf3 Rc8 13. Bxf6 gxf6 14. f5
Qc7 15. Qd2 b4 16. Ne2 e5 17. Kb1 a5 18. Rc1 Qb6 19. Qh6 a4 20. c3 Rc4 21. Qg7
Rf8 22. Qxh7 a3 23. b3 Bxe4+ 24. Bxe4 Rxe4 25. Rc2 d5 26. Qh5 Bc5 27. Qf3 Ke7
28. cxb4 Bxb4 29. Rd1 Rd8 30. Rdc1 Rd7 31. Nc3 Bxc3 32. Qxc3 Qb5 33. Qh3 Re2
34. Qh8 Rxc2 0-1

[Event "102 ème open FIDE Club 608"]
[Site "Paris"]
[Date "2008.08.07"]
[Round "5.1"]
[White "Abergel, Thal"]
[Black "Vallejo Pons, Francisco"]
[Result "0-1"]
[WhiteElo "2499"]
[BlackElo "2650"]
[PlyCount "60"]
[EventDate "2008.07.26"]
[EventRounds "9"]
[EventCountry "FRA"]
[SourceDate "2008.08.06"]

1. e4 c6 2. Ne2 d5 3. e5 c5 4. d4 Nc6 5. dxc5 e6 6. Nd4 Bxc5 7. Nxc6 Qh4 8. Qf3
bxc6 9. Bf4 Rb8 10. g3 Qd8 11. b3 Qa5+ 12. Nd2 Bd4 13. Rd1 Qc3 14. Bd3 Bxe5 15.
O-O Bxf4 16. Qxf4 Qb4 17. Qc7 Qb6 18. Qd6 c5 19. Ne4 Qxd6 20. Nxd6+ Ke7 21.
Nxc8+ Rxc8 22. c4 d4 23. b4 cxb4 24. Rb1 Rb8 25. Rfe1 Nf6 26. Re5 Rhc8 27. Ra5
Rc7 28. Ra4 Nd7 29. Raxb4 Rxb4 30. Rxb4 Nc5 0-1

[Event "102 ème open FIDE Club 608"]
[Site "Paris"]
[Date "2008.08.07"]
[Round "6.2"]
[White "Trommsdorf, Fro"]
[Black "Abergel, Thal"]
[Result "0-1"]
[WhiteElo "2150"]
[BlackElo "2499"]
[PlyCount "63"]
[EventDate "2008.07.26"]
[EventRounds "9"]
[EventCountry "FRA"]
[SourceDate "2008.08.06"]

1. d4 Nf6 2. c4 e6 3. Nc3 Bb4 4. Nf3 b6 5. Bg5 Bb7 6. Qc2 h6 7. Bxf6 Qxf6 8. a3
Bxc3+ 9. Qxc3 O-O 10. g3 Bxf3 11. exf3 c5 12. Rd1 cxd4 13. Rxd4 Nc6 14. Rd3 Qe7
15. Re3 Rac8 16. Be2 Na5 17. Qd4 d5 18. Qxd5 Qf6 19. Qe4 Qxb2 20. O-O Rfd8 21.
Rb1 Qf6 22. f4 Rd4 23. Qc2 Rc5 24. Rb5 Qe7 25. Qc3 Qd6 26. Rxc5 Qxc5 27. Re5
Rd5 28. Re3 Rd8 29. Re5 Qc6 30. c5 Rd5 31. Rxd5 exd5 32. Bf3 0-1

[Event "102 ème open FIDE Club 608"]
[Site "Paris"]
[Date "2008.08.07"]
[Round "6.1"]
[White "Vallejo Pons, Francisco"]
[Black "Kirszenberg, Marc"]
[Result "1-0"]
[WhiteElo "2650"]
[BlackElo "2270"]
[PlyCount "45"]
[EventDate "2008.07.26"]
[EventRounds "9"]
[EventCountry "FRA"]
[SourceDate "2008.08.06"]

1. e4 d5 2. exd5 Nf6 3. d4 Nxd5 4. Nf3 g6 5. Be2 Bg7 6. O-O O-O 7. Re1 c5 8.
dxc5 Nb4 9. Na3 Qxd1 10. Rxd1 N4a6 11. Nb5 Nc6 12. c3 Nxc5 13. Be3 Ne6 14. a4
b6 15. Bc4 Rb8 16. Bd5 Ned8 17. Bf4 e5 18. Nxa7 Nxa7 19. Nxe5 Ne6 20. Bg3 Bb7
21. Nd7 Bxd5 22. Bxb8 Rxb8 23. Nxb8 1-0

[Event "102 ème open FIDE Club 608"]
[Site "Paris"]
[Date "2008.08.07"]
[Round "7.2"]
[White "Abergel, Thal"]
[Black "Toulzac, Pierre Yves"]
[Result "1-0"]
[WhiteElo "2499"]
[BlackElo "2286"]
[PlyCount "87"]
[EventDate "2008.07.26"]
[EventRounds "9"]
[EventCountry "FRA"]
[SourceDate "2008.08.06"]

1. e4 Nf6 2. e5 Nd5 3. d4 d6 4. c4 Nb6 5. f4 dxe5 6. fxe5 Nc6 7. Be3 Bf5 8. Nc3
e6 9. Nf3 Bg4 10. Qd2 Be7 11. O-O-O O-O 12. h3 Bxf3 13. gxf3 Na5 14. b3 Bb4 15.
Rg1 f5 16. exf6 Qxf6 17. Kb2 Kh8 18. Be2 Nc6 19. Rg4 Ne7 20. Qd3 Bxc3+ 21. Qxc3
Nf5 22. Bf4 Rf7 23. Be5 Qh6 24. Rdg1 Rg8 25. Bd3 c6 26. Qe1 Qe3 27. Qxe3 Nxe3
28. Rh4 Nf5 29. Bxf5 Rxf5 30. Rg6 Nd7 31. Rxe6 Nf8 32. Rd6 Rxf3 33. d5 cxd5 34.
cxd5 Rf7 35. Rf4 Re7 36. Bc3 Nd7 37. Rc4 Nb6 38. Rg4 Rge8 39. Re6 Nxd5 40.
Bxg7+ Kg8 41. Bd4+ Kf7 42. Rd6 Re2+ 43. Ka3 Nc7 44. Rg7+ 1-0

[Event "102 ème open FIDE Club 608"]
[Site "Paris"]
[Date "2008.08.06"]
[Round "7.1"]
[White "Strugnell, Carl"]
[Black "Vallejo Pons, Francisco"]
[Result "0-1"]
[WhiteElo "2200"]
[BlackElo "2650"]
[PlyCount "96"]
[EventDate "2008.07.26"]
[EventRounds "9"]
[EventCountry "FRA"]
[SourceDate "2008.08.06"]

1. e4 e5 2. Nf3 Nc6 3. Bb5 a6 4. Bxc6 dxc6 5. O-O Qd6 6. Na3 Be6 7. Qe2 f6 8.
Nc4 Qd7 9. c3 c5 10. Rd1 Qc6 11. a4 O-O-O 12. Na5 Qb6 13. Nc4 Qc6 14. Na5 Qe8
15. d4 exd4 16. cxd4 g5 17. Be3 g4 18. Ne1 cxd4 19. Bxd4 Bb4 20. Bc3 Rxd1 21.
Qxd1 Bxc3 22. bxc3 Ne7 23. Qd4 b6 24. Qd3 Kb8 25. Nc4 Qd7 26. Ne3 a5 27. Qxd7
Bxd7 28. Nd3 Re8 29. Nb2 h5 30. f3 f5 31. Rd1 Kc8 32. exf5 Nxf5 33. Nxf5 Bxf5
34. Kf2 Rf8 35. Ke3 gxf3 36. gxf3 Re8+ 37. Kf4 Bd7 38. Rd2 h4 39. Rf2 Re1 40.
Kg5 h3 41. f4 Rg1+ 42. Kf6 Rg2 43. Nd3 Bxa4 44. c4 Bc2 45. Rf3 Rxh2 46. Nf2 Bb3
47. f5 Bxc4 48. Ke5 Be2 0-1

[Event "102 ème open FIDE Club 608"]
[Site "Paris"]
[Date "2008.08.07"]
[Round "8.2"]
[White "Borzakian, Manouk"]
[Black "Abergel, Thal"]
[Result "0-1"]
[WhiteElo "2250"]
[BlackElo "2499"]
[PlyCount "108"]
[EventDate "2008.07.26"]
[EventRounds "9"]
[EventCountry "FRA"]
[SourceDate "2008.08.06"]

1. e4 c5 2. Nf3 d6 3. d4 cxd4 4. Nxd4 Nf6 5. Nc3 Nc6 6. g3 Nxd4 7. Qxd4 g6 8.
Bg2 Bg7 9. O-O O-O 10. Re1 Be6 11. Qd3 Qa5 12. Bd2 Qc7 13. Rac1 Rfc8 14. b3 a6
15. Nd5 Nxd5 16. exd5 Bf5 17. Be4 Bxe4 18. Qxe4 Bb2 19. Rcd1 Bf6 20. c4 b5 21.
Rc1 Qd7 22. Bc3 bxc4 23. Bxf6 exf6 24. Rxc4 Rxc4 25. Qxc4 Rc8 26. Qd4 Kg7 27.
Re3 Qb5 28. Rd3 Re8 29. a4 Qb7 30. Re3 Rxe3 31. fxe3 Qxb3 32. Kg2 a5 33. Kf3
Qb1 34. Kf2 Qc2+ 35. Kg1 Qa2 36. e4 Qb1+ 37. Kg2 Qb4 38. Qxb4 axb4 39. a5 b3
40. a6 b2 41. a7 b1=Q 42. a8=Q Qxe4+ 43. Kf2 Qb1 44. h4 g5 45. hxg5 fxg5 46.
Qc6 Qg6 47. Qc4 Qf6+ 48. Kg2 h5 49. Qd3 g4 50. Qd2 h4 51. gxh4 Qxh4 52. Qd4+
Qf6 53. Qc4 Qf3+ 54. Kg1 Kg6 0-1

[Event "102 ème open FIDE Club 608"]
[Site "Paris"]
[Date "2008.08.10"]
[Round "6.4"]
[White "Veron, Cyprien"]
[Black "Borzakian, Manouk"]
[Result "0-1"]
[WhiteElo "2098"]
[BlackElo "2194"]
[PlyCount "104"]
[EventDate "2008.07.26"]
[EventRounds "9"]
[EventCountry "FRA"]
[SourceDate "2008.08.06"]

1. Nf3 d6 2. d4 g6 3. c4 Bg7 4. g3 c5 5. Bg2 Nc6 6. d5 Na5 7. Nfd2 a6 8. Nc3
Bd7 9. Qc2 b5 10. Qd3 Nxc4 11. Nxc4 bxc4 12. Qxc4 Nh6 13. O-O Nf5 14. e3 Qb6
15. Rd1 h5 16. h3 O-O 17. Bf1 Rab8 18. Qd3 Qb4 19. Qc2 a5 20. a3 Qb3 21. Qxb3
Rxb3 22. Bc4 Rb6 23. Ra2 a4 24. Kh2 Rfb8 25. Kg2 Kf8 26. Rd2 Bxc3 27. bxc3 Rb1
28. Rab2 R1xb2 29. Rxb2 Rxb2 30. Bxb2 e6 31. e4 Ne7 32. Bc1 exd5 33. exd5 Nc8
34. Bg5 Nb6 35. Ba2 Ke8 36. h4 Bb5 37. Kf3 Bc4 38. Bxc4 Nxc4 39. Bc1 Nb6 40.
Ke4 f5+ 41. Kd3 Nxd5 42. Kc4 Nc7 43. Bf4 Kd7 44. Bg5 Kc6 45. Bc1 d5+ 46. Kd3
Ne6 47. Be3 Kb5 48. f3 Nd8 49. f4 Nf7 50. Bc1 Nd6 51. Bd2 Nc4 52. Bc1 Kc6 0-1

[Event "102 ème open FIDE Club 608"]
[Site "Paris"]
[Date "2008.08.10"]
[Round "6.3"]
[White "Toulzac, Pierre Yves"]
[Black "Leuly, Max"]
[Result "1/2-1/2"]
[WhiteElo "2266"]
[BlackElo "2160"]
[PlyCount "35"]
[EventDate "2008.07.26"]
[EventRounds "9"]
[EventCountry "FRA"]
[SourceDate "2008.08.06"]

1. d4 d5 2. e4 dxe4 3. Nc3 Nf6 4. f3 exf3 5. Nxf3 Bg4 6. h3 Bxf3 7. Qxf3 c6 8.
Be3 e6 9. O-O-O Be7 10. Bd3 Nbd7 11. g4 Nd5 12. Nxd5 cxd5 13. Kb1 O-O 14. g5
Bxg5 15. Bxh7+ Kxh7 16. Qh5+ Bh6 17. Rhg1 Rh8 18. Rdf1 1/2-1/2

[Event "102 ème open FIDE Club 608"]
[Site "Paris"]
[Date "2008.08.10"]
[Round "7.2"]
[White "Borzakian, Manouk"]
[Black "Tarchichi, Paul"]
[Result "1-0"]
[WhiteElo "2199"]
[BlackElo "2194"]
[PlyCount "83"]
[EventDate "2008.07.26"]
[EventRounds "9"]
[EventCountry "FRA"]
[SourceDate "2008.08.06"]

1. e4 c5 2. Nf3 Nc6 3. d4 cxd4 4. Nxd4 e5 5. Nb5 a6 6. Nd6+ Bxd6 7. Qxd6 Qf6 8.
Qxf6 Nxf6 9. Nc3 Nb4 10. Bd3 b5 11. Bg5 Nxd3+ 12. cxd3 Bb7 13. f4 b4 14. Na4
Rc8 15. Nb6 Rc2 16. O-O h6 17. Bxf6 gxf6 18. Rac1 Rxc1 19. Rxc1 Ke7 20. Rc4
exf4 21. Rxb4 Bc6 22. Nd5+ Bxd5 23. exd5 Kd6 24. Rb6+ Ke5 25. Rxa6 Rc8 26. Rb6
Rc1+ 27. Kf2 Ra1 28. a3 Kxd5 29. Rxf6 Rb1 30. Rb6 Kd4 31. Rd6+ Kc5 32. Rxd7
Rxb2+ 33. Kf3 Ra2 34. d4+ Kc6 35. Rxf7 Rxa3+ 36. Kxf4 Ra2 37. Kg3 Kd5 38. Rd7+
Ke4 39. Rd6 Ra3+ 40. Kh4 Ra2 41. Kh3 Ra3+ 42. g3 1-0

[Event "102 ème open FIDE Club 608"]
[Site "Paris"]
[Date "2008.08.10"]
[Round "7.4"]
[White "Pozdnjakov, Viatcheslav"]
[Black "Leuly, Max"]
[Result "0-1"]
[WhiteElo "2226"]
[BlackElo "2160"]
[PlyCount "90"]
[EventDate "2008.07.26"]
[EventRounds "9"]
[EventCountry "FRA"]
[SourceDate "2008.08.06"]

1. d4 d5 2. Nf3 Nf6 3. c4 e6 4. Nc3 Be7 5. g3 O-O 6. Bg2 b6 7. O-O Bb7 8. Ne5
Na6 9. Bg5 c5 10. dxc5 Nxc5 11. cxd5 Nxd5 12. Bxe7 Qxe7 13. Nxd5 exd5 14. Nf3
Ne6 15. e3 Qf6 16. Qd2 Rfd8 17. Rfd1 Rac8 18. Rac1 h6 19. Rxc8 Rxc8 20. Ne1 Ba8
21. Nd3 d4 22. e4 Nc5 23. f3 Bb7 24. b3 Nxd3 25. Qxd3 Rc3 26. Qb5 Qc6 27. Qe5
Rc1 28. Rf1 Ba6 29. Qxd4 Bxf1 30. Bxf1 Qc5 31. Qxc5 bxc5 32. Kf2 Rc2+ 33. Ke3
Rxa2 34. h4 Kf8 35. e5 Ke7 36. Bc4 Rg2 37. Kf4 Rd2 38. Ke3 Rd4 39. Be2 a5 40.
f4 f6 41. exf6+ Kxf6 42. g4 Rb4 43. Bd1 c4 44. bxc4 Rxc4 45. g5+ Kf5 0-1

[Event "102 ème open FIDE Club 608"]
[Site "Paris"]
[Date "2008.08.10"]
[Round "7.5"]
[White "Hassine, Daniel"]
[Black "Gidel, Jean Louis"]
[Result "0-1"]
[WhiteElo "2031"]
[BlackElo "2158"]
[PlyCount "130"]
[EventDate "2008.07.26"]
[EventRounds "9"]
[EventCountry "FRA"]
[SourceDate "2008.08.06"]

1. d4 g6 2. Nf3 Bg7 3. g3 d5 4. Bg2 Nf6 5. c4 c6 6. cxd5 cxd5 7. Nc3 O-O 8. Ne5
e6 9. O-O Nbd7 10. f4 Nb6 11. a4 Bd7 12. b3 Nc8 13. Ba3 Re8 14. Rc1 Ne7 15. Qd3
h5 16. Nxd7 Qxd7 17. e3 a6 18. Bxe7 Qxe7 19. Rf2 Qb4 20. Na2 Qb6 21. h3 Bf8 22.
b4 Rec8 23. Rfc2 Qd8 24. Bf3 Qd7 25. Qb3 Ne8 26. Nc3 Rc4 27. Na2 Nd6 28. Be2
Rxc2 29. Rxc2 Rc8 30. Bd3 Rxc2 31. Qxc2 Kg7 32. Kf2 b5 33. axb5 axb5 34. g4
hxg4 35. hxg4 Be7 36. Kf3 Nc4 37. g5 Qe8 38. Qh2 Kg8 39. Qc2 Qa8 40. Bxg6 Qa3
41. Bh7+ Kf8 42. Bd3 Bxb4 43. Nxb4 Qxb4 44. Qh2 Ke8 45. g6 fxg6 46. Bxg6+ Kd7
47. Qh7+ Qe7 48. Qxe7+ Kxe7 49. Ke2 Nd6 50. Kd3 Kf6 51. Bh5 Kf5 52. Bf3 b4 53.
Bd1 Ne4 54. Ba4 Nf6 55. Ke2 Kg4 56. Kd3 Kf3 57. Bd1+ Kf2 58. Ba4 Kf3 59. Bd1+
Kg3 60. Ba4 Kg4 61. Bd1+ Kf5 62. Ba4 Ne4 63. Bd7 b3 64. Ba4 b2 65. Kc2 b1=Q+
0-1

[Event "102 ème open FIDE Club 608"]
[Site "Paris"]
[Date "2008.08.10"]
[Round "8.3"]
[White "Trommsdorf, Fro"]
[Black "Strugnell, Carl"]
[Result "0-1"]
[WhiteElo "2125"]
[BlackElo "2194"]
[PlyCount "37"]
[EventDate "2008.07.26"]
[EventRounds "9"]
[EventCountry "FRA"]
[SourceDate "2008.08.06"]

1. d4 Nf6 2. Nf3 g6 3. c4 Bg7 4. Nc3 d5 5. Qb3 dxc4 6. Qxc4 O-O 7. e4 a6 8. Qb3
b5 9. a4 bxa4 10. Qxa4 Bd7 11. Qc2 Nc6 12. Bc4 Bg4 13. d5 Bxf3 14. gxf3 Nd4 15.
Qd1 Nd7 16. f4 c5 17. Na4 Qb8 18. Bd2 Bh6 19. Qg4 0-1

[Event "102 ème open FIDE Club 608"]
[Site "Paris"]
[Date "2008.08.10"]
[Round "8.4"]
[White "Gidel, Jean Louis"]
[Black "Steffenello, Leonardo"]
[Result "1/2-1/2"]
[WhiteElo "2158"]
[BlackElo "2118"]
[PlyCount "62"]
[EventDate "2008.07.26"]
[EventRounds "9"]
[EventCountry "FRA"]
[SourceDate "2008.08.06"]

1. d4 Nf6 2. Nf3 e6 3. Bf4 b6 4. e3 Bb7 5. Bd3 Be7 6. h3 c5 7. c3 O-O 8. O-O
Be4 9. Be2 Nc6 10. Nbd2 Bg6 11. Ne5 cxd4 12. Nxg6 hxg6 13. exd4 a6 14. a4 d5
15. Bd3 Nh5 16. Bh2 Bd6 17. f4 Qc7 18. g3 Ne7 19. Qe2 Nf5 20. Qf2 Be7 21. Nf3
Nd6 22. g4 Nf6 23. f5 Nfe4 24. Bxe4 dxe4 25. Nd2 exf5 26. gxf5 gxf5 27. Qxf5
Nxf5 28. Bxc7 Ne3 29. Rab1 Nd5 30. Be5 f6 31. Bh2 f5 1/2-1/2

[Event "102 ème open FIDE Club 608"]
[Site "Paris"]
[Date "2008.08.10"]
[Round "8.5"]
[White "Tarchichi, Paul"]
[Black "Veron, Cyprien"]
[Result "1-0"]
[WhiteElo "2153"]
[BlackElo "2098"]
[PlyCount "59"]
[EventDate "2008.07.26"]
[EventRounds "9"]
[EventCountry "FRA"]
[SourceDate "2008.08.06"]

1. e4 e5 2. Nf3 Nc6 3. Bb5 Nf6 4. O-O Nxe4 5. Re1 Nd6 6. Nxe5 Be7 7. Bd3 O-O 8.
Nc3 Nxe5 9. Rxe5 Bf6 10. Re3 g6 11. Nd5 Bg7 12. c3 Re8 13. b3 c6 14. Ba3 Rxe3
15. fxe3 Bf8 16. Nf4 Ne8 17. Bxf8 Kxf8 18. Qf3 d5 19. Rf1 Nd6 20. c4 dxc4 21.
bxc4 Qe8 22. c5 Nf5 23. Bc4 Kg7 24. g4 Nh6 25. Nh5+ gxh5 26. Qf6+ Kg8 27. Qxh6
Be6 28. Bd3 f5 29. gxf5 Bxa2 30. Rf3 1-0

[Event "102 ème open FIDE Club 608"]
[Site "Paris"]
[Date "2008.08.10"]
[Round "9.2"]
[White "Abergel, Thal"]
[Black "Leuly, Max"]
[Result "1-0"]
[WhiteElo "2499"]
[BlackElo "2160"]
[PlyCount "83"]
[EventDate "2008.07.26"]
[EventRounds "9"]
[EventCountry "FRA"]
[SourceDate "2008.08.06"]

1. e4 c5 2. Nf3 d6 3. Bc4 e6 4. d4 cxd4 5. Nxd4 Nf6 6. Nc3 Be7 7. Be3 a6 8. Bb3
O-O 9. g4 Nc6 10. g5 Nd7 11. Rg1 Nxd4 12. Bxd4 Nc5 13. Qh5 Nxb3 14. axb3 e5 15.
Be3 Be6 16. Nd5 Bxd5 17. exd5 Qc8 18. O-O-O Qf5 19. Qg4 Qxg4 20. Rxg4 Rac8 21.
c4 f5 22. gxf6 Rxf6 23. Kd2 Rf5 24. Rdg1 g6 25. Ke2 Rh5 26. R1g2 Kg7 27. Kd3
Rh4 28. Rxh4 Bxh4 29. b4 Be7 30. f3 Kf6 31. Rc2 Kf5 32. c5 Bd8 33. Rc3 g5 34.
cxd6 Rxc3+ 35. bxc3 b5 36. Ba7 Kf4 37. Ke2 e4 38. fxe4 Kxe4 39. Bb8 Kxd5 40.
Bc7 g4 41. Bxd8 Kxd6 42. Ke3 1-0

[Event "103 ème open FIDE Club 608"]
[Site "Paris"]
[Date "2008.08.06"]
[Round "1.1"]
[White "Millet, Maud"]
[Black "Vallejo Pons, Francisco"]
[Result "0-1"]
[WhiteElo "1900"]
[BlackElo "2650"]
[PlyCount "58"]
[EventDate "2008.08.06"]
[EventRounds "9"]
[EventCountry "FRA"]
[SourceDate "2008.08.06"]

1. e4 c5 2. d3 g6 3. g3 Bg7 4. Bg2 Nc6 5. Nf3 d6 6. Nbd2 e6 7. O-O Nge7 8. Re1
b5 9. a4 b4 10. Nc4 Ba6 11. Ne3 Rc8 12. Rb1 Nd4 13. Nd2 O-O 14. Bf1 Qd7 15. c3
Ndc6 16. c4 Bb7 17. Bh3 f5 18. b3 Nd4 19. Nc2 fxe4 20. dxe4 Nxc2 21. Qxc2 Bd4
22. Re2 Rxf2 23. Rxf2 Rf8 24. Bb2 Bxf2+ 25. Kh1 Nf5 26. Qd3 Bd4 27. Bxf5 exf5
28. Bxd4 fxe4 29. Nxe4 Re8 0-1

[Event "103 ème open FIDE Club 608"]
[Site "Paris"]
[Date "2008.08.10"]
[Round "1.2"]
[White "Guliyev, Namig"]
[Black "Truong, Hubert"]
[Result "1-0"]
[WhiteElo "2510"]
[BlackElo "1895"]
[PlyCount "79"]
[EventDate "2008.08.06"]
[EventRounds "9"]
[EventCountry "FRA"]
[SourceDate "2008.08.06"]

1. e4 d5 2. exd5 Qxd5 3. Nc3 Qd6 4. d4 c6 5. g3 Nf6 6. Bf4 Qe6+ 7. Nge2 g6 8.
Bg2 Bg7 9. O-O O-O 10. Re1 Na6 11. Qd2 Qd7 12. Bh6 Nc7 13. Bxg7 Kxg7 14. Nf4
Qd6 15. h3 Be6 16. Rad1 Rad8 17. Qe3 Rfe8 18. Nxe6+ Nxe6 19. d5 cxd5 20. Nxd5
Nxd5 21. Bxd5 Qc7 22. Bxe6 fxe6 23. Rxd8 Rxd8 24. Qxe6 Rd7 25. c3 Qd8 26. Re4
b6 27. Kg2 Qa8 28. Kh2 Qe8 29. Qe5+ Kg8 30. c4 Qf7 31. Rf4 Qe8 32. c5 bxc5 33.
Qxc5 e5 34. Rf6 Kg7 35. Ra6 Qe7 36. Qxe7+ Rxe7 37. Kg2 Kf7 38. Kf3 Rb7 39. b3
Ke8 40. Re6+ 1-0

[Event "103 ème open FIDE Club 608"]
[Site "Paris"]
[Date "2008.08.10"]
[Round "1.3"]
[White "Chartier, Louis"]
[Black "Shirazi, Kamran G"]
[Result "0-1"]
[WhiteElo "1888"]
[BlackElo "2440"]
[PlyCount "37"]
[EventDate "2008.08.06"]
[EventRounds "9"]
[EventCountry "FRA"]
[SourceDate "2008.08.06"]

1. f4 g5 2. fxg5 h6 3. d4 c5 4. Nf3 hxg5 5. Bxg5 cxd4 6. Qxd4 f6 7. Qe4 Qb6 8.
Qg6+ Kd8 9. Bc1 e5 10. Nbd2 Ne7 11. Qd3 d5 12. e4 Na6 13. c3 f5 14. Nxe5 fxe4
15. Qd4 Qxd4 16. cxd4 Rg8 17. Bxa6 bxa6 18. O-O a5 19. Nb3 0-1

[Event "103 ème open FIDE Club 608"]
[Site "Paris"]
[Date "2008.08.10"]
[Round "1.6"]
[White "Piankov, Evgenij"]
[Black "Tessier, Yvan"]
[Result "1-0"]
[WhiteElo "2337"]
[BlackElo "1850"]
[PlyCount "65"]
[EventDate "2008.08.06"]
[EventRounds "9"]
[EventCountry "FRA"]
[SourceDate "2008.08.06"]

1. d4 d5 2. Bg5 Nf6 3. Bxf6 exf6 4. g3 c6 5. e3 Bd6 6. Bg2 Bf5 7. Nd2 Qe7 8.
Ne2 Nd7 9. c4 dxc4 10. Nxc4 Bb4+ 11. Nc3 Rb8 12. a3 Bd6 13. O-O O-O 14. d5 cxd5
15. Qxd5 Be5 16. Nxe5 fxe5 17. Qa5 Qc5 18. Qxc5 Nxc5 19. b4 Ne6 20. Rfd1 Nc7
21. Rac1 b6 22. Ne4 Bxe4 23. Rxc7 Bxg2 24. Kxg2 a5 25. bxa5 bxa5 26. Rd5 Rfc8
27. Rxc8+ Rxc8 28. Rxe5 a4 29. Ra5 f6 30. Rxa4 Rc3 31. Ra7 h6 32. h4 Kh7 33. h5
1-0

[Event "103 ème open FIDE Club 608"]
[Site "Paris"]
[Date "2008.08.10"]
[Round "2.1"]
[White "Vallejo Pons, Francisco"]
[Black "Radovanovic, Nicolas"]
[Result "1-0"]
[WhiteElo "2650"]
[BlackElo "2041"]
[PlyCount "33"]
[EventDate "2008.08.06"]
[EventRounds "9"]
[EventCountry "FRA"]
[SourceDate "2008.08.06"]

1. e4 e6 2. d3 d5 3. Qe2 c5 4. Nf3 Nf6 5. g3 Be7 6. Bg2 Nc6 7. O-O O-O 8. e5
Nd7 9. c4 f6 10. exf6 Nxf6 11. b3 Ng4 12. Bb2 Bf6 13. Nc3 Nd4 14. Nxd4 cxd4 15.
Nb5 a6 16. Nxd4 dxc4 17. Qxg4 1-0

[Event "103 ème open FIDE Club 608"]
[Site "Paris"]
[Date "2008.08.11"]
[Round "2.2"]
[White "Thellier, Francis"]
[Black "Guliyev, Namig"]
[Result "0-1"]
[WhiteElo "2063"]
[BlackElo "2510"]
[PlyCount "46"]
[EventDate "2008.08.06"]
[EventRounds "9"]
[EventCountry "FRA"]
[SourceDate "2008.08.06"]

1. e4 c5 2. Nc3 d6 3. g3 Nc6 4. Bg2 g6 5. d3 Bg7 6. Be3 e6 7. Qd2 Nd4 8. Nd1
Ne7 9. c3 Ndc6 10. Ne2 b6 11. d4 Ba6 12. dxc5 dxc5 13. Qxd8+ Rxd8 14. Bd2 Ne5
15. Nc1 O-O 16. Ne3 Rd7 17. f4 Rfd8 18. fxe5 Rxd2 19. Bf3 Nc6 20. b3 Nxe5 21.
Be2 Nf3+ 22. Kf1 Bxc3 23. Rb1 Rxe2 0-1

[Event "103 ème open FIDE Club 608"]
[Site "Paris"]
[Date "2008.08.11"]
[Round "2.4"]
[White "Heuveline, Gregory"]
[Black "Debray, Christopher"]
[Result "0-1"]
[WhiteElo "2029"]
[BlackElo "2378"]
[PlyCount "50"]
[EventDate "2008.08.06"]
[EventRounds "9"]
[EventCountry "FRA"]
[SourceDate "2008.08.06"]

1. d4 d6 2. f4 g6 3. c3 Bg7 4. Nf3 Nf6 5. Nbd2 O-O 6. e4 c5 7. Bc4 cxd4 8. cxd4
d5 9. Bd3 dxe4 10. Nxe4 Nc6 11. O-O Nxd4 12. Ne5 Bf5 13. Ng5 h6 14. Ngxf7 Rxf7
15. Bxf5 Nxf5 16. Qb3 Qb6+ 17. Qxb6 axb6 18. Nxf7 Kxf7 19. Rd1 e6 20. a3 Nd5
21. Rb1 Rc8 22. g4 Nd4 23. Kf1 Ke7 24. Kf2 Rf8 25. Kg3 Ne2+ 0-1

[Event "103 ème open FIDE Club 608"]
[Site "Paris"]
[Date "2008.08.11"]
[Round "2.5"]
[White "Goldsztejn, Gildas"]
[Black "San Marco, Jean"]
[Result "1-0"]
[WhiteElo "2374"]
[BlackElo "2005"]
[PlyCount "49"]
[EventDate "2008.08.06"]
[EventRounds "9"]
[EventCountry "FRA"]
[SourceDate "2008.08.06"]

1. e4 c5 2. Nf3 Nc6 3. d4 cxd4 4. Nxd4 Nf6 5. Nc3 e5 6. Ndb5 d6 7. Bg5 a6 8.
Na3 Be6 9. Nc4 Rc8 10. Bxf6 Qxf6 11. Nb6 Rb8 12. Ncd5 Qd8 13. c3 Be7 14. Bc4
O-O 15. O-O Kh8 16. a4 f5 17. Nxe7 Qxe7 18. Bxe6 Qxe6 19. Qd5 Qxd5 20. exd5 Ne7
21. Nd7 Nxd5 22. Nxb8 Rxb8 23. Rfd1 Nb6 24. Rxd6 Nc4 25. Rd7 1-0